| 000 | 00610nam a2200205 i 4500 | ||
|---|---|---|---|
| 001 | 19708 | ||
| 003 | ES-MaACL | ||
| 005 | 20250725232350.0 | ||
| 007 | t| | ||
| 008 | 021008s2002 sp |||| | spa d | ||
| 080 | _a821.134.2-1(082.2) | ||
| 245 | 0 | 0 |
_aSevilla _b: un destino poético. |
| 260 |
_aSevilla : _bTurismo de la Provincia de Sevilla, _c[2002] |
||
| 300 |
_a51 p. ; _c15 cm. |
||
| 650 | 7 |
_aPoesías españolas _2embne _916214 |
|
| 651 | 4 |
_aSevilla- _xEn la literatura. _9147914 |
|
| 710 | 2 |
_aTurismo de la Provincia de Sevilla. _9149884 |
|
| 852 |
_aES-MaACL _j2054-F-12 |
||
| 999 |
_c19708 _d19708 |
||